Statistics for Rugby League Quiz

Click here to take the quiz!

General Stats

  • This quiz has been taken 32 times
  • The average score is 10 of 15

Answer Stats

HintAnswer% Correct
Which state won the 2021 State of Origin?New South Wales
93%
Which team won the 2021 Grand Final?Penrith Panthers
93%
As of 2023, how many teams will be in the competition?17
78%
As of 2023, how many Queensland teams will there be?4
78%
Which new team is being added to the competition in 2023?Redcliffe Dolphins
78%
Which other team played in the 2021 Grand Final?South Sydney Rabbitohs
78%
As of 2022, how many Sydney teams are in the competition?9
70%
Which current NRL team, was not in the competition before 2007?Gold Coast Titans
70%
In 2022, what is the Cowboys largest winning streak?6
63%
Who did the Cowboys play their first Grand Final against?Wests Tigers
63%
Who is the captain of the North Queensland Cowboys?Chad Townsend and Jason Taumalolo
56%
Who scored the game tying try in the 2015 Grand Final?Kyle Feldt
56%
Which team finished last on the ladder in 2021?Canterbury-Bankstown Bulldogs
52%
Who was awarded player of the season in 2021?Tom Trbojevic
22%
What is the name of that bald-headed ref?Ben Cummins
15%

Score Distribution

Percentile by Number Answered

Percent of People with Each Score

Your Score History

You have not taken this quiz